Irregular notice to terminate a business tenancy (Record no. 3786)
[ view plain ]
| 000 -LEADER | |
|---|---|
| fixed length control field | 01085cab a2200241 4500 |
| 001 - CONTROL NUMBER | |
| control field | ABS37701 |
| 008 - FIXED-LENGTH DATA ELEMENTS--GENERAL INFORMATION | |
| fixed length control field | 090401t1987 xxu||||| |||| 00| 0 eng d |
| 035 ## - SYSTEM CONTROL NUMBER | |
| System control number | (Sirsi) u6289 |
| 041 ## - LANGUAGE CODE | |
| Language code of text/sound track or separate title | eng |
| 100 ## - MAIN ENTRY--PERSONAL NAME | |
| Personal name | Wilkinson, H. W. |
| 245 ## - TITLE STATEMENT | |
| Title | Irregular notice to terminate a business tenancy |
| 260 ## - PUBLICATION, DISTRIBUTION, ETC. | |
| Date of publication, distribution, etc. | 1987 |
| 300 ## - PHYSICAL DESCRIPTION | |
| Extent | (See also Abstract 36856) |
| 350 ## - PRICE (NR) (BK AM CF MU VM SE) [OBSOLETE] | |
| Price | 0 |
| 490 ## - SERIES STATEMENT | |
| Series statement | New Law Journal |
| Volume/sequential designation | 137(6305) 15 May 1987, 447-457(3) |
| 520 ## - SUMMARY, ETC. | |
| Summary, etc. | With reference to caselaw, considers the issue of irregular notice in terminating business tenancies under the Landlord and Tenant Act 1954 s25 . Outlines the procedure which landlord and tenant have to follow, before looking at the decision in Morrow v Nadeem , which raised the question of how strictly the prescribed forms had to be followed. Also considers caselaw where the validity of the notices was questioned, and the authority to serve notices. |
| 650 ## - SUBJECT ADDED ENTRY--TOPICAL TERM | |
| Topical term or geographic name entry element | INVALID NOTICES |
| 650 ## - SUBJECT ADDED ENTRY--TOPICAL TERM | |
| Topical term or geographic name entry element | MORRIS V PATEL |
| 650 ## - SUBJECT ADDED ENTRY--TOPICAL TERM | |
| Topical term or geographic name entry element | TERMINATION |
| 690 ## - LOCAL SUBJECT ADDED ENTRY--TOPICAL TERM (OCLC, RLIN) | |
| Topical term or geographic name as entry element | LANDLORD AND TENANT-BUSINESS TENANCIES |
| 942 ## - ADDED ENTRY ELEMENTS (KOHA) | |
| Suppress in OPAC | 0 |
| 948 ## - LOCAL PROCESSING INFORMATION (OCLC); SERIES PART DESIGNATOR (RLIN) | |
| c (OCLC) | 04/03/1997 |
| Withdrawn status | Lost status | Source of classification or shelving scheme | Damaged status | Not for loan | Home library | Current library | Shelving location | Date acquired | Total Checkouts | Full call number | Barcode | Date last seen | Copy number | Price effective from | Koha item type |
|---|---|---|---|---|---|---|---|---|---|---|---|---|---|---|---|
| Dewey Decimal Classification | London | London | Journal article | 14/09/1999 | ABS37701 | 6289-1001 | 06/08/2019 | 1 | 06/08/2019 | Journal article |